000 00586nam a22002057a 4500
003 BUBTL
008 180506b xxu||||| |||| 00| 0 eng d
020 _a984-31-1131-2
082 _a519.2
_bISS
100 _91141
_aIslam, M Nurul
245 _aAn Introduction to Statistics and Probability
_cM Nurul Islam
250 _a4th
260 _aDhaka
_bMullick & Brothers
_c2011
300 _a[xv] , 857p . :
_b22cm .
_cStatistics .
500 _aIncludes Index .
650 0 _9171
_aStatistics
856 _k0
_l0
_yDownload
942 _2ddc
_cBK
999 _c5714
_d5714